[Event "SCG-chT 48th"]
[Site "Herceg Novi"]
[Date "2005.05.16"]
[Round "2"]
[White "Savic, Miodrag R"]
[Black "Fontaine, Robert"]
[Result "1-0"]
[WhiteElo "2521"]
[BlackElo "2539"]
[PlyCount "143"]
[EventDate "2005.05.15"]
[EventType "team"]
[EventRounds "7"]
[EventCountry "YUG"]
[Source "ChessBase"]
[SourceDate "2005.07.11"]

1. e4 c6 2. d3 d5 3. Nd2 e5 4. Ngf3 Nd7 5. g3 Ngf6 6. Bg2 Bd6 7. O-O O-O 8. Qe2
Re8 9. b3 a5 10. a3 b6 11. Bb2 Ba6 12. Nh4 Nc5 13. Rfe1 g6 14. Qf3 dxe4 15.
Nxe4 Nfxe4 16. dxe4 Be7 17. Rad1 Qc7 18. Qc3 Bf6 19. Nf3 Rad8 20. Rxd8 Qxd8 21.
h4 Qd6 22. Qe3 a4 23. b4 Nd7 24. Bh3 c5 25. Qc1 Nb8 26. bxc5 Qxc5 27. Qe3 Qxe3
28. Rxe3 Bb5 29. Rc3 Na6 30. Bf1 Bxf1 31. Kxf1 Nc5 32. Rc4 Bg7 33. Bc1 f5 34.
exf5 gxf5 35. Be3 Rc8 36. h5 e4 37. Nh4 Bb2 38. Nxf5 Rf8 39. g4 Bxa3 40. Bxc5
Bxc5 41. Rxa4 e3 42. fxe3 Bxe3 43. Ke2 Bc5 44. Ra7 Re8+ 45. Kd3 Bf8 46. Rb7
Rd8+ 47. Kc3 Rc8+ 48. Kb3 Rc6 49. Ne7+ Bxe7 50. Rxe7 b5 51. Re5 Rc4 52. g5 Rh4
53. h6 b4 54. Re8+ Kf7 55. Rh8 Kg6 56. Rg8+ Kf5 57. Rg7 Re4 58. Rxh7 Kxg5 59.
Rh8 Kg6 60. h7 Kg7 61. Rb8 Kxh7 62. Rxb4 Re8 63. Rg4 Rb8+ 64. Ka4 Ra8+ 65. Kb5
Rb8+ 66. Ka5 Ra8+ 67. Kb6 Rb8+ 68. Kc7 Rb2 69. c4 Rc2 70. Kb6 Kh6 71. c5 Kh5
72. Rg1 1-0

[Event "RUS-chT 13th"]
[Site "Sochi"]
[Date "2006.04.28"]
[Round "9"]
[White "Tiviakov, Sergei"]
[Black "Asrian, Karen"]
[Result "1/2-1/2"]
[WhiteElo "2669"]
[BlackElo "2646"]
[PlyCount "161"]
[EventDate "2006.04.20"]
[EventType "team"]
[EventRounds "11"]
[EventCountry "RUS"]
[Source "ChessBase"]
[SourceDate "2006.05.09"]

1. e4 c6 2. d3 g6 3. g3 Bg7 4. Bg2 e5 5. Nf3 Ne7 6. O-O O-O 7. Re1 d6 8. d4 Bg4
9. dxe5 dxe5 10. Nbd2 Qc7 11. a4 h6 12. b3 Rd8 13. Qe2 c5 14. Nc4 Nbc6 15. c3
b6 16. Qc2 Be6 17. Bf1 Rd7 18. Ne3 Na5 19. Rb1 Qb7 20. Nd2 Rad8 21. Ndc4 Nac6
22. Nb2 Na5 23. Nec4 Nec6 24. Nd1 a6 25. Nde3 b5 26. Nxa5 Nxa5 27. axb5 axb5
28. b4 Nc4 29. bxc5 Nd2 30. Bxd2 Rxd2 31. Qc1 Ra2 32. c4 b4 33. Nd5 b3 34. c6
Qa7 35. Qe3 Bf8 36. Qxa7 Rxa7 37. Rxb3 Rc8 38. Rb7 Ra6 39. c7 Rc6 40. Rd1 Kg7
41. Kg2 Bd6 42. h4 Kf8 43. h5 gxh5 44. Be2 Bxc7 45. Rh1 Rb8 46. Ra7 Bd6 47. Ra2
Kg7 48. Rxh5 Rcc8 49. Rd2 Rd8 50. Rc2 Rdc8 51. Ne3 Bc5 52. Ng4 Bxg4 53. Bxg4
Re8 54. Bd7 Re7 55. Bc6 Bd4 56. Bd5 Rc7 57. Rf5 Rb2 58. Rc1 f6 59. Rf3 Rc5 60.
Rh1 Ra5 61. Rh4 Raa2 62. Rg4+ Kh7 63. Bg8+ Kh8 64. Rxf6 Rxf2+ 65. Rxf2 Rxf2+
66. Kh3 Rf8 67. Be6 Rf6 68. Rg8+ Kh7 69. Re8 Kg7 70. Bd5 Rf3 71. Kg4 Rf2 72.
Rc8 Kg6 73. Be6 Rh2 74. Bf5+ Kf6 75. Rc6+ Kg7 76. Bg6 Re2 77. Kh3 Bg1 78. Kh4
Be3 79. Kg4 Bd4 80. Bf5 Rh2 81. Bg6 1/2-1/2

[Event "Wch U20"]
[Site "Yerevan"]
[Date "2006.10.06"]
[Round "4"]
[White "Amin, Bassem"]
[Black "Pantsulaia, Levan"]
[Result "1/2-1/2"]
[WhiteElo "2504"]
[BlackElo "2596"]
[PlyCount "77"]
[EventDate "2006.10.03"]
[EventType "swiss"]
[EventRounds "13"]
[EventCountry "ARM"]
[Source "ChessBase"]
[SourceDate "2006.11.01"]

1. e4 c6 2. d3 d5 3. Nd2 g6 4. Ngf3 Bg7 5. g3 e5 6. Bg2 Ne7 7. O-O O-O 8. b3 a5
9. Bb2 Qc7 10. Qe2 d4 11. a4 Na6 12. Ba3 Nb4 13. Nc4 h6 14. Qd2 c5 15. Ne1 Be6
16. f4 f6 17. Nf3 Kh7 18. fxe5 fxe5 19. h4 Rf7 20. Rf2 Raf8 21. Raf1 Nec6 22.
Kh2 Bg4 23. Ne1 h5 24. Bf3 Bh6 25. Qe2 Be6 26. Bxb4 Nxb4 27. Bg2 Bxc4 28. dxc4
Rxf2 29. Rxf2 Rxf2 30. Qxf2 Kg7 31. Bf1 Be3 32. Qg2 Qf7 33. Bd3 Nc6 34. Be2 Nb4
35. Nd3 Nxd3 36. Bxd3 Qf6 37. Qf1 Qb6 38. Qh3 Qf6 39. Qf1 1/2-1/2

[Event "VIII Int Rapid"]
[Site "El Sauzal ESP"]
[Date "2007.11.04"]
[Round "6"]
[White "Strikovic, A."]
[Black "Khenkin, I."]
[Result "1/2-1/2"]
[WhiteElo "2551"]
[BlackElo "2600"]
[PlyCount "30"]
[EventDate "2007.11.03"]
[SourceDate "1999.07.01"]

1. e4 c6 2. d3 d5 3. Nd2 g6 4. Ngf3 Bg7 5. g3 e5 6. Bg2 Ne7 7. O-O O-O 8. Re1
d4 9. Nc4 b5 10. Ncd2 Nd7 11. a4 a5 12. Nb3 Ba6 13. Bd2 b4 14. Bc1 c5 15. Nfd2
Qc7 1/2-1/2

[Event "Cup Russia"]
[Site "Serpukhov RUS"]
[Date "2007.11.06"]
[Round "1.2"]
[White "Novikov, St1"]
[Black "Grigoriants, S RUS."]
[Result "1/2-1/2"]
[WhiteElo "2534"]
[BlackElo "2591"]
[PlyCount "71"]
[EventDate "2007.11.05"]
[SourceDate "1999.07.01"]

1. e4 c6 2. d3 d5 3. Nd2 e5 4. Ngf3 Bd6 5. g3 Ne7 6. Bg2 Bg4 7. h3 Bh5 8. O-O
Nd7 9. c3 Bc7 10. b4 f6 11. Qc2 O-O 12. Bb2 Kh8 13. Rfe1 Bf7 14. d4 a5 15. a3
Bg8 16. dxe5 Nxe5 17. Nd4 axb4 18. axb4 Rxa1 19. Rxa1 Bb6 20. Rd1 Qc8 21. Kh2
dxe4 22. Nxe4 Rd8 23. Bc1 Bxd4 24. Rxd4 Rxd4 25. cxd4 Nc4 26. Qa4 b5 27. Qa7
Nd5 28. Qc5 Qd7 29. Bf4 Qe8 30. Bd6 h6 31. g4 Qd7 32. Bg3 Qe8 33. Nd6 Nxd6 34.
Qxd6 Qe6 35. Qxe6 Bxe6 36. Bxd5 1/2-1/2

[Event "ch-Euro Blitz"]
[Site "Ajaccio FRA"]
[Date "2007.10.25"]
[Round "17"]
[White "Mchedlishvili, M."]
[Black "Bareev, E."]
[Result "1-0"]
[WhiteElo "2631"]
[BlackElo "2653"]
[PlyCount "83"]
[EventDate "2007.10.25"]
[SourceDate "1999.07.01"]

1. e4 c6 2. d3 d5 3. Nd2 e5 4. Ngf3 Bd6 5. g3 Nf6 6. Bg2 O-O 7. O-O Nbd7 8. Qe2
Re8 9. Re1 a5 10. a4 Nc5 11. b3 Bg4 12. h3 Bxf3 13. Qxf3 Ne6 14. Bb2 d4 15. Rf1
Bb4 16. Qe2 Qc7 17. Bc1 b5 18. Nf3 Nd7 19. h4 Nec5 20. Bh3 bxa4 21. bxa4 Nb6
22. h5 Nbxa4 23. Nh4 Nc3 24. Qg4 Ne6 25. Nf5 Kh8 26. f4 exf4 27. Bxf4 Qb7 28.
Be5 f6 29. Nxg7 fxe5 30. Nxe6 Qe7 31. Ng5 Rf8 32. h6 a4 33. Qh5 Ra7 34. Rxf8+
Qxf8 35. Rf1 Qg8 36. Nf7+ Rxf7 37. Qxe5+ Rg7 38. Be6 Bd6 39. hxg7+ Qxg7 40.
Qxd6 Ne2+ 41. Kg2 Qh6 42. Ra1 1-0

[Event "Baltic Sea Cup"]
[Site "Bornholm DEN"]
[Date "2008.08.03"]
[Round "7"]
[White "Tiviakov, S."]
[Black "Roiz, M."]
[Result "0-1"]
[WhiteElo "2645"]
[BlackElo "2680"]
[PlyCount "80"]
[EventDate "2008.07.29"]
[SourceDate "1999.07.01"]

1. e4 c6 2. d3 d5 3. Nd2 g6 4. g3 Bg7 5. Bg2 e5 6. Ngf3 Ne7 7. O-O O-O 8. b4 a5
9. bxa5 Qxa5 10. Bb2 Qc7 11. a4 Rd8 12. Re1 d4 13. Bf1 c5 14. c3 dxc3 15. Bxc3
Nec6 16. Qb3 Na6 17. Rec1 Qe7 18. Qb5 Bd7 19. Qb6 Be6 20. a5 f6 21. Rab1 Rd7
22. Qb5 Bh6 23. Rd1 Nab4 24. Nc4 Kh8 25. Bxb4 cxb4 26. Be2 Bf8 27. Ra1 Qc5 28.
Qxc5 Bxc5 29. Nfd2 Bd4 30. Rab1 Rdd8 31. Nb3 Bc3 32. Nc5 Bxc4 33. dxc4 Rxd1+
34. Bxd1 Nxa5 35. Be2 Rd8 36. Kf1 Rd4 37. Rd1 b6 38. Nd7 b3 39. Nxb6 b2 40. Rb1
Nb3 0-1

[Event "IX EICC"]
[Site "Plovdiv BUL"]
[Date "2008.04.27"]
[Round "7"]
[White "Tiviakov, S."]
[Black "Popov, Iv RUS"]
[Result "1-0"]
[WhiteElo "2635"]
[BlackElo "2594"]
[PlyCount "77"]
[EventDate "2008.04.21"]
[SourceDate "1999.07.01"]

1. e4 c6 2. d3 d5 3. Nd2 e5 4. Ngf3 Bd6 5. d4 exd4 6. exd5 cxd5 7. Nxd4 Nc6 8.
Bb5 Nge7 9. N2b3 O-O 10. O-O a6 11. Bd3 Nxd4 12. Nxd4 Nc6 13. Be3 f5 14. c3 Ne5
15. Nf3 Be6 16. Re1 Qc7 17. Bd4 Nxf3+ 18. Qxf3 Rae8 19. h3 Qf7 20. Be5 Bxe5 21.
Rxe5 g6 22. Bc2 Qd7 23. Rd1 Bf7 24. Rxe8 Rxe8 25. Qd3 Re5 26. Bb3 Qe7 27. Kf1
f4 28. c4 dxc4 29. Bxc4 Bxc4 30. Qxc4+ Qf7 31. Rd8+ Kg7 32. Qd4 Qf5 33. Kg1 Kh6
34. Rd7 Re1+ 35. Kh2 Qe5 36. Qb4 Kg5 37. Rxh7 f3+ 38. g3 Qe4 39. Qd2+ 1-0

[Event "ch-NED"]
[Site "Hilversum NED"]
[Date "2008.04.12"]
[Round "10"]
[White "Tiviakov, S."]
[Black "L'Ami, E."]
[Result "1/2-1/2"]
[WhiteElo "2634"]
[BlackElo "2600"]
[PlyCount "86"]
[EventDate "2008.04.02"]
[SourceDate "1999.07.01"]

1. e4 c6 2. d3 d5 3. Nd2 g6 4. g3 Bg7 5. Bg2 e5 6. Ngf3 Ne7 7. O-O O-O 8. Re1
d4 9. b4 a5 10. bxa5 Qxa5 11. a4 Qc7 12. Bb2 c5 13. c3 dxc3 14. Bxc3 Nbc6 15.
Qc2 Be6 16. Reb1 h6 17. Qb2 Ra7 18. Qb5 Nd4 19. Bxd4 cxd4 20. Rc1 Nc6 21. Nc4
Bxc4 22. Rxc4 Ra5 23. Qb3 Rfa8 24. Rb1 R8a7 25. h4 h5 26. Bh3 Bf6 27. Kg2 Kg7
28. g4 hxg4 29. Bxg4 Qe7 30. Rh1 Ra8 31. h5 Rh8 32. hxg6 Rxh1 33. Kxh1 fxg6 34.
Bc8 Nd8 35. Qc2 Qd6 36. Rc7+ Be7 37. Rd7 Qf6 38. Kg2 Ne6 39. Qc4 Kh6 40. Rxb7
Nf4+ 41. Kg3 Nh5+ 42. Kg2 Nf4+ 43. Kg3 Nh5+ 1/2-1/2

[Event "1st Pfalz Open"]
[Site "Neustadt a.d. Weinstrasse GER"]
[Date "2008.02.20"]
[Round "6"]
[White "Tiviakov, S."]
[Black "Postny, E."]
[Result "0-1"]
[WhiteElo "2649"]
[BlackElo "2627"]
[PlyCount "130"]
[EventDate "2008.02.16"]
[SourceDate "1999.07.01"]

1. e4 c6 2. d3 d5 3. Nd2 Qc7 4. Qe2 dxe4 5. Nxe4 Bf5 6. g3 Nd7 7. Bg2 Bxe4 8.
dxe4 e5 9. Nf3 Ngf6 10. O-O Bc5 11. b3 O-O 12. Bb2 Rfe8 13. Bh3 Bf8 14. Rad1
Nc5 15. Nd2 Rad8 16. Bg2 b5 17. f4 Ncd7 18. Kh1 Bc5 19. a3 a5 20. Qf3 h6 21. h4
Qa7 22. Rfe1 Bf2 23. Re2 Bd4 24. Bc1 Bb6 25. f5 h5 26. Bh3 a4 27. Rde1 axb3 28.
Nxb3 c5 29. g4 hxg4 30. Bxg4 c4 31. Nd2 Nc5 32. Bh3 Qb7 33. Rg2 Nd3 34. Rf1 Nf4
35. Rg5 c3 36. Qxc3 Nxe4 37. Qf3 Nd6 38. Qxb7 Nxb7 39. Bg2 f6 40. Rg4 Nxg2 41.
Kxg2 Nd6 42. c4 e4 43. cxb5 e3 44. Nf3 e2 45. Re1 Nxf5 46. Ra4 Rd5 47. Bd2 Rxb5
48. Rc4 Rb3 49. Rf4 Ne3+ 50. Bxe3 Rbxe3 51. Ra4 Bc5 52. Rc4 Bxa3 53. Kf2 Bd6
54. Rc2 Kh7 55. Rc4 Kh6 56. Rc2 Kh5 57. Rc4 R8e7 58. Rc2 R7e4 59. Rc8 Bb4 60.
Rh8+ Kg6 61. Rg1+ Kf7 62. Ne1 Bc5 63. Rg3 Rf4+ 64. Kg2 Rxg3+ 65. Kxg3 Rf1 0-1

[Event "13th HIT Open A"]
[Site "Nova Gorica SLO"]
[Date "2008.01.29"]
[Round "5"]
[White "Sedlak, N."]
[Black "Starostits, I."]
[Result "1-0"]
[WhiteElo "2568"]
[BlackElo "2500"]
[PlyCount "83"]
[EventDate "2008.01.26"]
[SourceDate "1999.07.01"]

1. e4 c6 2. d3 d5 3. Nd2 g6 4. Ngf3 Bg7 5. g3 e5 6. Bg2 Ne7 7. O-O O-O 8. b4
Na6 9. Rb1 dxe4 10. dxe4 Be6 11. Ng5 Bxa2 12. Rb2 h6 13. Rxa2 hxg5 14. c3 c5
15. b5 Nc7 16. Qb3 Qd7 17. Rb2 a6 18. b6 Nb5 19. Nc4 Bf6 20. Ne3 Rad8 21. Rd2
Qc6 22. Ng4 c4 23. Nxf6+ Qxf6 24. Qxc4 Nc8 25. Rxd8 Rxd8 26. Qe2 Nxc3 27. Qg4
Qxb6 28. Bxg5 Re8 29. Qh4 Kg7 30. Qh6+ Kg8 31. Kh1 Re6 32. Bd2 Rc6 33. f4 Qd4
34. Bxc3 Rxc3 35. Qg5 Rc5 36. f5 Rc6 37. h4 Qd6 38. f6 Qf8 39. Qxe5 Re6 40. Qg5
Nd6 41. e5 Nc4 42. Bd5 1-0

[Event "38th Olympiad"]
[Site "Dresden GER"]
[Date "2008.11.17"]
[Round "5"]
[White "Movsesian, S."]
[Black "Jobava, Ba"]
[Result "1/2-1/2"]
[WhiteElo "2732"]
[BlackElo "2664"]
[PlyCount "69"]
[EventDate "2008.11.13"]
[SourceDate "1999.07.01"]

1. e4 c6 2. d3 d5 3. Nd2 e5 4. Ngf3 Bd6 5. d4 exd4 6. exd5 Nf6 7. dxc6 Nxc6 8.
Be2 O-O 9. O-O Bf5 10. Nb3 Qc7 11. Bg5 Rad8 12. Bxf6 gxf6 13. Bd3 Bg6 14. Kh1
Rfe8 15. h3 Bf4 16. Re1 Rxe1+ 17. Qxe1 a5 18. a4 Nb4 19. Nbxd4 Nxd3 20. cxd3
Qb6 21. Qc3 Kg7 22. Rd1 Bb8 23. Rd2 Rd5 24. Qb3 Qxb3 25. Nxb3 Bf4 26. Rd1 b5
27. Nxa5 bxa4 28. Nc4 Rxd3 29. Ra1 Be4 30. Rxa4 Rd1+ 31. Ng1 f5 32. Ne3 Bxe3
33. fxe3 Rd2 34. Nf3 Rxb2 35. Kg1 1/2-1/2

[Event "Aeroflot Open"]
[Site "Moscow RUS"]
[Date "2009.02.20"]
[Round "4"]
[White "Safarli, E."]
[Black "Landa, K."]
[Result "1/2-1/2"]
[WhiteElo "2564"]
[BlackElo "2626"]
[PlyCount "37"]
[EventDate "2009.02.17"]
[SourceDate "1999.07.01"]

1. e4 c6 2. d3 d5 3. Nd2 g6 4. Ngf3 Bg7 5. d4 dxe4 6. Nxe4 Bf5 7. Ng3 Bg4 8.
Bc4 e6 9. c3 Nf6 10. h3 Bxf3 11. Qxf3 Nbd7 12. h4 h5 13. Bg5 Bh6 14. Ne4 Bxg5
15. Nxg5 Qe7 16. O-O-O Nh7 17. Ne4 Nhf6 18. Ng5 Nh7 19. Ne4 1/2-1/2

[Event "73rd ch-ARM 2013"]
[Site "Yerevan ARM"]
[Date "2013.01.21"]
[Round "9.3"]
[White "Grigoryan, Av"]
[Black "Petrosian, TL."]
[Result "1/2-1/2"]
[WhiteElo "2599"]
[BlackElo "2648"]
[PlyCount "109"]
[EventDate "2013.01.12"]
[SourceDate "1999.07.01"]

1. e4 c6 2. d3 d5 3. Nd2 e5 4. Ngf3 Bd6 5. g3 Nf6 6. Bg2 O-O 7. O-O Re8 8. b3
a5 9. a3 dxe4 10. dxe4 Bc7 11. Bb2 Nbd7 12. Re1 b5 13. Nf1 Bb6 14. h3 Qc7 15.
Nh4 Nf8 16. Nf5 Rd8 17. Qf3 Ne6 18. Bxe5 Qxe5 19. Ne7+ Kf8 20. Nxc6 Qc5 21.
Nxd8 Nxd8 22. e5 Bb7 23. Qe3 Bxg2 24. Qxc5+ Bxc5 25. Kxg2 Nd5 26. Red1 Nc3 27.
Rd3 Bb6 28. Nd2 Rc8 29. Re1 Ne6 30. Nc4 bxc4 31. Rxc3 Bd4 32. Rxc4 Rxc4 33.
bxc4 Bb2 34. Re3 Nc5 35. f4 h5 36. Rf3 Ke7 37. g4 hxg4 38. hxg4 a4 39. Rh3 Ne6
40. Rf3 g6 41. f5 gxf5 42. gxf5 Nd4 43. Rf4 f6 44. e6 Nxc2 45. Rf2 Ne3+ 46. Kf3
Bxa3 47. Ke4 Nxc4 48. Ra2 Nd6+ 49. Kd5 Bc1 50. Rxa4 Nxf5 51. Ra7+ Ke8 52. Ra8+
Ke7 53. Ra7+ Ke8 54. Ra8+ Ke7 55. Ke4 1/2-1/2

[Event "75th Tata Steel GpB"]
[Site "Wijk aan Zee NED"]
[Date "2013.01.12"]
[Round "1.5"]
[White "Tiviakov, S."]
[Black "Ipatov, Alexander"]
[Result "1-0"]
[WhiteElo "2655"]
[BlackElo "2587"]
[PlyCount "85"]
[EventDate "2013.01.12"]
[SourceDate "1999.07.01"]

1. e4 c6 2. d3 d5 3. Nd2 g6 4. Ngf3 Bg7 5. d4 Nf6 6. Bd3 dxe4 7. Nxe4 Nxe4 8.
Bxe4 O-O 9. O-O Nd7 10. c3 e5 11. Bc2 exd4 12. Nxd4 Nf6 13. Bg5 Qb6 14. Qf3 c5
15. Nb3 c4 16. Nd4 Bd7 17. a4 Rac8 18. a5 Qa6 19. Bxf6 Bxf6 20. Be4 Rc7 21. Nc2
Be7 22. Ne3 Be6 23. Bd5 Bg5 24. Qg3 Bd8 25. Rfd1 Rc5 26. Qf3 Bxa5 27. Bxb7 Qb5
28. Rd2 Bb6 29. Bd5 Qd7 30. Rad1 Qc8 31. Bxe6 Qxe6 32. Nd5 Kg7 33. Re2 Qd6 34.
g3 Rcc8 35. h4 Rce8 36. Rxe8 Rxe8 37. h5 Qe5 38. Nf6 Rd8 39. h6+ Kh8 40. Nd7
Qg5 41. Rd5 Qxh6 42. Nxb6 Re8 43. Rd8 1-0

[Event "75th Tata Steel GpB"]
[Site "Wijk aan Zee NED"]
[Date "2013.01.14"]
[Round "3.4"]
[White "Tiviakov, S."]
[Black "Timman, J."]
[Result "1/2-1/2"]
[WhiteElo "2655"]
[BlackElo "2566"]
[PlyCount "61"]
[EventDate "2013.01.12"]
[SourceDate "1999.07.01"]

1. e4 c6 2. d3 d5 3. Nd2 e5 4. Ngf3 Bd6 5. d4 exd4 6. exd5 Qe7+ 7. Qe2 cxd5 8.
Qxe7+ Nxe7 9. Nxd4 Nbc6 10. N2f3 Nxd4 11. Nxd4 Nf5 12. Bb5+ Ke7 13. Ne2 Rd8 14.
Bg5+ f6 15. Bd2 Bc5 16. Bd3 Kf7 17. O-O g5 18. Rad1 Be6 19. Nc1 Bb6 20. Rfe1
Nd6 21. Nb3 Bg4 22. Rb1 Bf5 23. Bxf5 Nxf5 24. Ba5 Bxa5 25. Nxa5 Rac8 26. Rbc1
b6 27. Nb3 d4 28. Red1 h5 29. Rd3 Rd6 30. Kf1 g4 31. h3 1/2-1/2

[Event "9th Schachtuerken Cup"]
[Site "Paderborn GER"]
[Date "2012.12.28"]
[Round "4.1"]
[White "Orlov, And"]
[Black "Epishin, V."]
[Result "1/2-1/2"]
[WhiteElo "2537"]
[BlackElo "2575"]
[PlyCount "42"]
[EventDate "2012.12.27"]
[SourceDate "1999.07.01"]

1. e4 c6 2. d3 d5 3. Nd2 Nd7 4. Ngf3 Qc7 5. c3 Ngf6 6. Be2 g6 7. O-O Bg7 8. Qc2
O-O 9. Re1 dxe4 10. dxe4 Nc5 11. Bf1 Rd8 12. h3 a5 13. a4 Bd7 14. Nb3 Ne6 15.
Nbd4 Nf8 16. Be3 Be8 17. b4 N6d7 18. Rab1 Rdc8 19. Nb5 c5 20. Nd2 Qc6 21. Nd4
Qc7 1/2-1/2

[Event "72nd ch-ITA 2012"]
[Site "Torino ITA"]
[Date "2012.11.04"]
[Round "6"]
[White "David, Alb"]
[Black "Rombaldoni, D."]
[Result "1-0"]
[WhiteElo "2590"]
[BlackElo "2511"]
[PlyCount "97"]
[EventDate "2012.10.30"]
[SourceDate "1999.07.01"]

1. e4 c6 2. d3 d5 3. Nd2 g6 4. Ngf3 Bg7 5. g3 e5 6. Bg2 Ne7 7. O-O O-O 8. Re1
d4 9. c3 c5 10. cxd4 cxd4 11. b4 Nec6 12. b5 Na5 13. Ba3 Re8 14. Bb4 a6 15. a4
Be6 16. h4 h6 17. Kh2 b6 18. Qb1 axb5 19. axb5 Nd7 20. Rc1 Bf8 21. Bxa5 bxa5
22. Rc6 Bb4 23. h5 g5 24. Nc4 Bxc4 25. Rxc4 Nf6 26. Rc6 Kg7 27. Qc1 Rb8 28. Bh3
Rxb5 29. Nxg5 Rb6 30. Rc8 Qd6 31. Nf3 Rxc8 32. Qxc8 Nxh5 33. Qf5 Nf6 34. Nxe5
Rb5 35. f4 Bc3 36. Ra2 Qb6 37. Rg2 Rb2 38. Nc4 Rxg2+ 39. Bxg2 Qe6 40. Qc5 Qg4
41. Nd6 Kh7 42. Qc4 Qh5+ 43. Kg1 Be1 44. e5 Ng4 45. Be4+ Kg7 46. Nf5+ Kh7 47.
Nh4+ Kg7 48. Qc8 Ne3 49. Bf3 1-0

[Event "TATA 50th ch-IND National Premier 2012"]
[Site "Kolkata IND"]
[Date "2012.10.14"]
[Round "13.2"]
[White "Venkatesh, M."]
[Black "Arun Prasad, S."]
[Result "1/2-1/2"]
[WhiteElo "2511"]
[BlackElo "2510"]
[PlyCount "50"]
[EventDate "2012.10.01"]
[SourceDate "1999.07.01"]

1. e4 c6 2. d3 d5 3. Nd2 e5 4. Ngf3 Bd6 5. d4 exd4 6. exd5 cxd5 7. Nb3 Nc6 8.
Be2 Nge7 9. Nbxd4 O-O 10. O-O Bg4 11. Bg5 Qd7 12. Bh4 Rfe8 13. Bg3 Rad8 14. Re1
Bc5 15. c3 Nxd4 16. Nxd4 Bxe2 17. Rxe2 Nc6 18. Nb3 Bb6 19. Rd2 d4 20. cxd4 Nxd4
21. Nxd4 Bxd4 22. Qf1 Qe6 23. Rad1 Bb6 24. Rxd8 Rxd8 25. Rxd8+ Bxd8 1/2-1/2

[Event "World Blitz Final"]
[Site "Astana KAZ"]
[Date "2012.07.10"]
[Round "26"]
[White "Chadaev, N."]
[Black "Bologan, V."]
[Result "1-0"]
[WhiteElo "2580"]
[BlackElo "2732"]
[PlyCount "99"]
[EventDate "2012.07.01"]
[SourceDate "1999.07.01"]

1. e4 c6 2. d3 d5 3. Nd2 e5 4. Ngf3 Bd6 5. d4 exd4 6. exd5 Nf6 7. dxc6 Nxc6 8.
Be2 O-O 9. O-O Re8 10. Nb3 Bg4 11. Re1 Rc8 12. Bg5 h6 13. Bh4 Bxf3 14. Bxf3
Rxe1+ 15. Qxe1 Nb4 16. Nxd4 Bxh2+ 17. Kxh2 Qxd4 18. Bxf6 Qf4+ 19. Kg1 Nxc2 20.
Qc1 Qxf6 21. Bxb7 Rc5 22. Be4 Qe6 23. Bxc2 Qc8 24. Qe3 Rxc2 25. Qxa7 Rxb2 26.
a4 Qc3 27. Qa8+ Kh7 28. Qe4+ g6 29. Rd1 Ra2 30. Qd5 Ra1 31. Qxf7+ Kh8 32. Qe8+
Kh7 33. Qd7+ Kh8 34. g3 Rxd1+ 35. Qxd1 h5 36. Qd8+ Kg7 37. a5 Qc1+ 38. Kg2 Qc6+
39. Kh2 Qf3 40. Qd4+ Kh7 41. a6 g5 42. a7 h4 43. gxh4 g4 44. Qe3 g3+ 45. Kh3
Qh1+ 46. Kxg3 Qg1+ 47. Kf4 Qg8 48. Qe7+ Kh8 49. Qf6+ Kh7 50. Qf5+ 1-0

[Event "World Blitz Final"]
[Site "Astana KAZ"]
[Date "2012.07.09"]
[Round "15"]
[White "Chadaev, N."]
[Black "Grischuk, A."]
[Result "1/2-1/2"]
[WhiteElo "2580"]
[BlackElo "2763"]
[PlyCount "111"]
[EventDate "2012.07.01"]
[SourceDate "1999.07.01"]

1. e4 c6 2. d3 e5 3. Nf3 Nf6 4. Nbd2 d6 5. g3 g6 6. Bg2 Bg7 7. O-O O-O 8. Re1
Re8 9. c3 b6 10. d4 Qc7 11. Nc4 Ba6 12. dxe5 dxe5 13. Ncxe5 Rxe5 14. Nxe5 Qxe5
15. Bf4 Qe7 16. Qd6 Qxd6 17. Bxd6 Nbd7 18. Rad1 Nf8 19. f4 Re8 20. h3 h5 21.
Kf2 Ne6 22. Rd2 Bf8 23. Bxf8 Kxf8 24. e5 Nd5 25. Bxd5 cxd5 26. Rxd5 Nc5 27. Ke3
Bc4 28. Rd4 Be6 29. h4 Rc8 30. b3 Ke7 31. c4 a5 32. Rd6 Nd7 33. Kd4 a4 34. Ra1
Rc7 35. Rb1 axb3 36. axb3 Ra7 37. Kc3 Ra2 38. Rb2 Ra1 39. Kb4 Rg1 40. Rd3 Nc5
41. Re3 Bd7 42. Rd2 Be6 43. Kb5 Rb1 44. b4 Nd7 45. Rc3 Ke8 46. Rcc2 Ke7 47. Rc3
Ke8 48. Ra2 Ke7 49. Ra7 Rb2 50. Ra4 Rd2 51. Kc6 Rd4 52. Ra7 Kd8 53. Ra8+ Ke7
54. Ra7 Kd8 55. Ra8+ Ke7 56. Ra7 1/2-1/2